Cooperativismo Sindicalismo. El Movimiento de los trabajadores y el sindicalismo cooperativismo. Parte II /
Salvato in:
| Enti autori: | , |
|---|---|
| Natura: | testo |
| Pubblicazione: |
Caracas:
CMT
|
| Tags: |
Aggiungi Tag
Nessun Tag, puoi essere il primo ad aggiungerne!!
|
MARC
| LEADER | 00000 a a2200000 04500 | ||
|---|---|---|---|
| 001 | 25965 | ||
| 003 | |||
| 040 | |||
| 090 | |a 182508 | ||
| 110 | |a CMT | ||
| 245 | |a Cooperativismo Sindicalismo. El Movimiento de los trabajadores y el sindicalismo cooperativismo. Parte II / |c CMT | ||
| 260 | |a Caracas: |b CMT | ||
| 300 | |a p. irreg. |b fonodiscos |b escudos de armas | ||
| 710 | |a CLASC |a FCL |a ILATES | ||
| 999 | |c 8105 |d 8105 | ||
